000 00508nam a2200145Ia 4500
003 OSt
005 20260116090003.0
008 211028s2012 xx 000 0 und d
040 _cAIMIT LIBRARY
041 _aeng
100 _aSiyamuddin, Mohd; Mascarenhas S J; Oswald A J.
_g1016061
_96933
245 _aTo assess the potential of carl of products in mangalore with respect to architects and interior designers at carl of international /
260 _bMascarenhas S J; Oswald A J
_c2012
942 _2ddc
_cPRO
999 _c218503
_d218503